All Paths - Reverend Insanity - Statistics

General Stats
  • This quiz has been taken 59 times
    22 since last reset
  • The average score is 42 of 49
Answer Stats
Hint Answer % Correct
Path E1 Earth Path
100%
Path F3 Formation Path
100%
Path H1 Heaven Path
100%
Path H2 Human Path
100%
Path R3 Rule Path
100%
Path S7 Strength Path
100%
Path S8 Sword Path
100%
Path T2 Time Path
100%
Path T3 Transformation Path
100%
Path W4 Wisdom Path
100%
Path B2 Blood Path
92%
Path D1 Dark Path
92%
Path F1 Fire Path
92%
Path I3 Information Path
92%
Path L1 Light Path
92%
Path L3 Luck Path
92%
Path M1 Metal Path
92%
Path P3 Pill Path
92%
Path Q1 Qi Path
92%
Path S3 Soul Path
92%
Path S6 Star Path
92%
Path W3 Wind Path
92%
Path W5 Wood Path
92%
Path B1 Blade Path
83%
Path B3 Bone Path
83%
Path D2 Dream Path
83%
Path E4 Enslavement Path
83%
Path F2 Food Path
83%
Path I1 Ice Path
83%
Path P1 Painting Path
83%
Path R1 Refinement Path
83%
Path S5 Space Path
83%
Path W1 Water Path
83%
Path W2 Weapon Path
83%
Path C1 Cloud Path
75%
Ptah I2 Illusion Path
75%
Path K1 Killing Path
75%
Path L2 Lightning Path
75%
Path M2 Moon Path
75%
Path P2 Phantom Path
75%
Path R2 Restriction Path
75%
Path S1 Shadow Path
75%
Path S2 Snow Path
75%
Path S4 Sound Path
75%
Path T1 Theft Path
75%
Path E2 Emotion Path
67%
Path E3 Enchantment Path
67%
Path P4 Poison Path
67%
Path Y1 Yin-Yang Path
67%
No matching quizzes found
Score Distribution
Percent of People with Each Score
Percentile by Number Answered
Your Score History
You have not taken this quiz since the last reset